Sports Quiz

Random Sports Quiz

1st Attempt Super Bowl Winners Quiz Stats

 Plays Quiz not verified by Sporcle

Also try: MLB Managers
Challenge
Share
Tweet
Embed
Score 0/9 Timer 03:00
0 Plays Today
Conference Team % Correct
NFC (NFL)Green Bay Packers
98.7%
AFC (AFL)New York Jets
97.5%
NFCNew Orleans Saints
96.6%
AFCPittsburgh Steelers
95.4%
NFCNew York Giants
93.7%
NFCSan Francisco 49ers
90.3%
NFCChicago Bears
87.8%
NFCTampa Bay Buccaneers
81.9%
AFCBaltimore Ravens
81%

You're not logged in!

Compare scores with friends on all Sporcle quizzes.
OR
Log In

You Might Also Like...

Show Comments

Extras

Top Quizzes Today


Score Distribution

Your Account Isn't Verified!

In order to create a playlist on Sporcle, you need to verify the email address you used during registration. Go to your Sporcle Settings to finish the process.

Report this User

Report this user for behavior that violates our Community Guidelines.

Details: